| 000 | 00558nam a2200205Ia 4500 | ||
|---|---|---|---|
| 003 | GCL | ||
| 005 | 20240530100801.0 | ||
| 008 | 140319s9999 xx 000 0 eng d | ||
| 040 |
_aGCL / _cGCL |
||
| 082 | 0 | 4 |
_a756 _bH H |
| 100 | 1 | _aHARRISON, HAZEL | |
| 245 | 1 | 0 |
_aHOW TO PAINT & DRAW: _cHARRISON, HAZEL _b DRAWING, WATER COLOUR, OIL & ACRILC, PRESTEL / |
| 260 |
_aLONDON : _bLOREMZ BOOKS ، _c1994 |
||
| 300 |
_a256 P : _bPICTURE ; _c32 CM |
||
| 650 | 0 | 4 | _aDRAWING |
| 650 | 0 | 4 | _aARTS |
| 650 | 0 | 4 | _aPAINTING |
| 650 | 0 | 4 | _aWATER COLOURS |
| 942 |
_2ddc _cBK |
||
| 999 |
_c20882 _d20882 |
||